Senario penanaman padi dan kesan pembangunan perumahan di kawasan MADA Negeri Kedah Darulaman

Bibliographic Details
Main Author: Suhaimi Harun
Corporate Author: INSPEN
Other Authors: Hamidon Bin Haron
Format: Book
Subjects:
Online Access:http://app.inspen.gov.my:7779/pls/portal/docs/PAGE/CORPORATEPAGES/PORTAL_INSPEN/LAPORAN_PENYELIDIKAN_DI_PERPUSTAKAAN/GI.PDF

MARC

LEADER 00000cam a2200000 7i4500
001 0000007338
005 20070905.0
040 |a INS 
090 0 0 |a RESEARCH 19 
100 0 |a Suhaimi Harun 
245 1 0 |a Senario penanaman padi dan kesan pembangunan perumahan di kawasan MADA Negeri Kedah Darulaman   |c oleh Suhaimi Harun, Hamidon Bin Haron 
300 |c 30cm. 
500 |a Digital document is available on-line; Please click the URL below 
650 0 0 |a Housing   |z Kedah 
650 0 0 |a Paddy 
700 0 |a Hamidon Bin Haron 
710 2 |a INSPEN 
856 |u http://app.inspen.gov.my:7779/pls/portal/docs/PAGE/CORPORATEPAGES/PORTAL_INSPEN/LAPORAN_PENYELIDIKAN_DI_PERPUSTAKAAN/GI.PDF 
999 |a RES0000039   |b BOOK   |c Research By JPPH Staff   |e Default branch 
999 |a RES0000040   |b BOOK   |c Research By JPPH Staff   |e Default branch 
999 |a RES0000041   |b BOOK   |c Research By JPPH Staff   |e Default branch 
999 |a RES0000042   |b BOOK   |c Research By JPPH Staff   |e Default branch 
999 |a RES0000043   |b BOOK   |c Research By JPPH Staff   |e Default branch 
999 |a RES0000434   |b BOOK   |c Research By JPPH Staff   |e Default branch